000 00641nam a2200193 4500
999 _c195946
_d195946
005 20230512112628.0
010 _aENG-136935
020 _a9789390692613
_c1250.00
035 _aEN-120467
037 _bDBAD/PUB
082 _a364.1555
100 _a Sungoh, S.M.
245 _aCrimes against women and children:
_bA Socio-Psychological Study/
_c By S.M. Sungoh and B.P.Sahu
260 _aNew Delhi
_bMittal Publications
_c2021
270 _a4594/9, Daryaganj
_bNew Delhi
_e110002
_minfo@mittalbooks.com
_k23250398
_l91-11-41564398
300 _a309p
_c22cm(hbk)
700 _aSahu,B.P.
942 _2ddc
_cEN
_mSUN
_h364.1555